MARC details
| 000 -LEADER |
| fixed length control field |
01930cam a2200421Mi 4500 |
| 001 - CONTROL NUMBER |
| control field |
on1003839834 |
| 003 - CONTROL NUMBER IDENTIFIER |
| control field |
OCoLC |
| 005 - DATE AND TIME OF LATEST TRANSACTION |
| control field |
20250408194722.0 |
| 008 - FIXED-LENGTH DATA ELEMENTS--GENERAL INFORMATION |
| fixed length control field |
170911r20161998nyu 000 0 und d |
| 020 ## - INTERNATIONAL STANDARD BOOK NUMBER |
| International Standard Book Number |
1536400246 |
| 020 ## - INTERNATIONAL STANDARD BOOK NUMBER |
| International Standard Book Number |
9781518195815 |
| Qualifying information |
(FollettBound) |
| 020 ## - INTERNATIONAL STANDARD BOOK NUMBER |
| International Standard Book Number |
9781536400243 |
| 020 ## - INTERNATIONAL STANDARD BOOK NUMBER |
| Canceled/invalid ISBN |
1631981234 |
| 020 ## - INTERNATIONAL STANDARD BOOK NUMBER |
| Canceled/invalid ISBN |
9781631981234 |
| 040 ## - CATALOGING SOURCE |
| Original cataloging agency |
CHILD |
| Language of cataloging |
eng |
| Description conventions |
rda |
| Transcribing agency |
CHILD |
| Modifying agency |
JRX |
| -- |
OCLCO |
| -- |
UtOrBLW |
| 100 1# - MAIN ENTRY--PERSONAL NAME |
| Personal name |
Gainer, Cindy |
| Relator term |
author. |
| 245 10 - TITLE STATEMENT |
| Title |
Yo soy como tu, tu eres como yo / : |
| Remainder of title |
I'm like you, you're like me / |
| Statement of responsibility, etc. |
Cindy Gainer ; illustrated by Miki Sakamoto. |
| 246 3# - VARYING FORM OF TITLE |
| Title proper/short title |
I'm like you, you're like me |
| 260 ## - PUBLICATION, DISTRIBUTION, ETC. (IMPRINT) |
| Place of publication, distribution, etc. |
New York : |
| Name of publisher, distributor, etc. |
Free Spirit Publishing, |
| Date of publication, distribution, etc. |
2016, 1998. |
| 264 #1 - PRODUCTION, PUBLICATION, DISTRIBUTION, MANUFACTURE, AND COPYRIGHT NOTICE |
| Place of production, publication, distribution, manufacture |
New York : |
| Name of producer, publisher, distributor, manufacturer |
Free Spirit Publishing, |
| Date of production, publication, distribution, manufacture, or copyright notice |
2016, 1998. |
| 300 ## - PHYSICAL DESCRIPTION |
| Extent |
46 pages : |
| Other physical details |
color illustrations ; |
| Dimensions |
24 cm. |
| 336 ## - CONTENT TYPE |
| Content type term |
text |
| Content type code |
txt |
| Source |
rdacontent. |
| 337 ## - MEDIA TYPE |
| Media type term |
unmediated |
| Media type code |
n |
| Source |
rdamedia. |
| 338 ## - CARRIER TYPE |
| Carrier type term |
volume |
| Carrier type code |
nc |
| Source |
rdacarrier. |
| 340 ## - PHYSICAL MEDIUM |
| Source |
rdaill. |
| 520 ## - SUMMARY, ETC. |
| Summary, etc. |
In this colorful, inviting English-Spanish book, kids from preschool to lower elementary learn about diversity in terms they can understand: hair that s straight or curly, families with many people or few, bodies that are big or small. With its wide-ranging examples and fun, highly detailed art, I m Like You, You re Like Me/ Yo soy como tu, tu eres como yo helps kids appreciate the ways they are alike and affirm their individual differences. |
| 521 2# - TARGET AUDIENCE NOTE |
| Target audience note |
PK1. |
| 521 8# - TARGET AUDIENCE NOTE |
| Target audience note |
AD 440 |
| Source |
Lexile. |
| 546 ## - LANGUAGE NOTE |
| Language note |
In Spanish and English. |
| 650 #0 - SUBJECT ADDED ENTRY--TOPICAL TERM |
| Topical term or geographic name as entry element |
Individual differences in children |
| Form subdivision |
Juvenile literature. |
| 650 #0 - SUBJECT ADDED ENTRY--TOPICAL TERM |
| Topical term or geographic name as entry element |
Individuality. |
| 650 #0 - SUBJECT ADDED ENTRY--TOPICAL TERM |
| Topical term or geographic name as entry element |
Interpersonal relations in children |
| Form subdivision |
Juvenile literature. |
| 650 #0 - SUBJECT ADDED ENTRY--TOPICAL TERM |
| Topical term or geographic name as entry element |
Similarity (Psychology) |
| Form subdivision |
Juvenile literature. |
| 655 #7 - INDEX TERM--GENRE/FORM |
| Genre/form data or focus term |
Materiales en espa©łol |
| General subdivision |
Biling©ơes. |
| Source of term |
cstr. |
| 655 #7 - INDEX TERM--GENRE/FORM |
| Genre/form data or focus term |
Spanish language materials |
| General subdivision |
Bilingual. |
| Source of term |
cstr. |
| 700 1# - ADDED ENTRY--PERSONAL NAME |
| Personal name |
Sakamoto, Miki |
| Relator term |
illustrator. |
| 942 ## - ADDED ENTRY ELEMENTS (KOHA) |
| Koha item type |
Libro/Book |